Ile wiesz o meczu Polska-Francja World Cup 2022 - Statystyki

Ogólne statystyki
  • Ten quiz został rozwiązany 122 razy
  • Średni wynik to 7 z 12
Statystyki odpowiedzi
Zagadnienie Odpowiedź % Poprawnych
Kto wygrał mecz Polska-Francja? Francja
100%
Jakim Wynikiem zakończył się mecz? 1-3 dla Francji
91%
Jaki wynik był po pierwszej połowie? 0-1 dla Francji
89%
Czy Polska zagrała w ćwierćfinale mundialu? Nie
87%
Ile czerwonych kartek rozdano w meczu? 0
83%
Który kraj częściej posiadał piłkę? Francja
83%
Ile żółtych kartek otrzymała Francja? 1
66%
W której minucie Francja wyszła na prowadzenie meczu? 44
40%
Ile żółtych kartek otrzymała Polska? 2
26%
Ile spalonych było w meczu? 4
21%
Ile fauli było w meczu? 18
15%
Kto strzelił rzut karny dla Polski? Piotr Zieliński
0%
Nie znaleziono quizów pasujących do podanych kryteriów
Rozkład punktacji
Procent ludzi z każdym wynikiem
Percentyl według liczby udzielonych odpowiedzi
Twoja historia wyników
Nie rozwiązałeś tego quizu